000 00754nam a2200229 i 4500
001 42870
003 ES-MaACL
005 20251113132024.0
007 t|
008 030314s1963 sp ||||1| spa d
080 _a821.134.2-32"19"
100 1 _aCela, Camilo José,
_d1916-2002
_937336
245 1 0 _aToreo de salón :
_bfarsa con acompañamiento de clamor y murga /
_ctexto de Camilo José Cela ; fotografías de Oriol Maspons y Julio Ubiña.
260 _aBarcelona :
_bLumen,
_c[1963]
300 _a30 p., 12 lám. ;
_c21 cm.
490 1 _aPalabra e imagen
700 1 _aMaspons, Oriol,
_d1928-2013
_978772
700 1 _aUbiña, Julio.
_9111846
830 1 _aPalabra e imagen
_9183520
852 4 _aES-MaACL
_jC-24042
999 _c42870
_d42870